<?xml version="1.0" encoding="UTF-8"?>
<record
    xmlns:xsi="http://www.w3.org/2001/XMLSchema-instance"
    xsi:schemaLocation="http://www.loc.gov/MARC21/slim http://www.loc.gov/standards/marcxml/schema/MARC21slim.xsd"
    xmlns="http://www.loc.gov/MARC21/slim">

  <leader>01895nam a22002177a 4500</leader>
  <controlfield tag="003">DO-SdBNP</controlfield>
  <controlfield tag="005">20221026120312.0</controlfield>
  <controlfield tag="007">ta</controlfield>
  <controlfield tag="008">210316b202u     drao||fr||||o001 0 spa d</controlfield>
  <datafield tag="040" ind1=" " ind2=" ">
    <subfield code="a">DO-SdBNP</subfield>
    <subfield code="b">spa</subfield>
    <subfield code="c">BNPHU</subfield>
  </datafield>
  <datafield tag="082" ind1=" " ind2="4">
    <subfield code="a">351.7293</subfield>
    <subfield code="b">R426m</subfield>
    <subfield code="2">22</subfield>
  </datafield>
  <datafield tag="110" ind1="1" ind2=" ">
    <subfield code="a">Rep&#xFA;blica Dominicana.</subfield>
    <subfield code="b">Ministerio de Administraci&#xF3;n P&#xFA;bica.</subfield>
    <subfield code="9">77926</subfield>
  </datafield>
  <datafield tag="245" ind1="1" ind2="0">
    <subfield code="a">Monitoreo de la administraci&#xF2;n p&#xF9;blica :</subfield>
    <subfield code="b">(la experiencia del Ministerio de administraci&#xF2;n P&#xF9;blica de la Rep&#xF9;blica Dominicana) 2004-2019</subfield>
  </datafield>
  <datafield tag="260" ind1=" " ind2=" ">
    <subfield code="a">Santo Domingo :</subfield>
    <subfield code="b">Ministerio de Administraci&#xF2;n P&#xF9;blica,</subfield>
    <subfield code="c">[2020?]</subfield>
  </datafield>
  <datafield tag="300" ind1=" " ind2=" ">
    <subfield code="a">297 p. :</subfield>
    <subfield code="b">il., fot. ;</subfield>
    <subfield code="c">28 cm</subfield>
  </datafield>
  <datafield tag="505" ind1=" " ind2=" ">
    <subfield code="a">Pre&#xE1;bulo</subfield>
    <subfield code="t">1. Algunas Realidades Hist&#xF3;rico-Pol&#xED;ticas. Una Perspectiva General.--</subfield>
    <subfield code="t">2. algunas Din&#xE1;micas de los Cambio Asumidos.--</subfield>
    <subfield code="t">3. Fortalecimiento Interno del Ministerio para el Ejercicio de su Rector&#xED;a.--</subfield>
    <subfield code="t">4. El sistema de Administraci&#xF3;n de Servidores P&#xFA;blicos SASP.--</subfield>
    <subfield code="t">5. En Torno a los Procesos de Selecci&#xF3;n y Evaluaci&#xF3;n del Desempe&#xF1;o Laboral.--</subfield>
    <subfield code="t">6. Sobre la Direcci&#xF3;n de Relaciones laborales y la Asociaci&#xF3;n de Servidores P&#xFA;blicos.--</subfield>
    <subfield code="t">7. Fomentando una Cultura de la Calidad.--</subfield>
    <subfield code="t">8. El MAP y la Modernizaci&#xF3;n de las Municipalidades.--</subfield>
    <subfield code="t">9. La labor del MAP y el Sistema Nacional de Salud.--</subfield>
    <subfield code="t">10.. Presencia de la Actividad Internacional.--</subfield>
    <subfield code="t">11. Sobre la Percepci&#xF3;n y la Imagen Institucional (Evaluaciones Realizadas).--</subfield>
    <subfield code="t">12. El Banco de Conocimiento para la Administraci&#xF3;n P&#xFA;blica: Un Objetivo de Estado.--</subfield>
    <subfield code="t">13. El MAP 2004- 2019: Una Fragua de Cambio y Logros Impactantes.-- </subfield>
    <subfield code="t">14. Oportunidades en Presencias.--</subfield>
    <subfield code="t">15. En torno a unos Definidos retos y Desaf&#xED;os.--</subfield>
    <subfield code="t">16. Recomendaciones y Notas Finales.--</subfield>
    <subfield code="t">17. Ap&#xE9;ndice.</subfield>
  </datafield>
  <datafield tag="590" ind1=" " ind2=" ">
    <subfield code="a">Inventariado, 2021 / DG</subfield>
  </datafield>
  <datafield tag="651" ind1=" " ind2="4">
    <subfield code="a">Rep&#xFA;blica Dominicana</subfield>
    <subfield code="x">Administraci&#xF3;n p&#xFA;blica</subfield>
    <subfield code="y">2004-2019</subfield>
    <subfield code="9">77927</subfield>
  </datafield>
  <datafield tag="910" ind1=" " ind2=" ">
    <subfield code="a">Inventariado, 2021 /DG. Validado. Control de calidad MFF</subfield>
  </datafield>
  <datafield tag="942" ind1=" " ind2=" ">
    <subfield code="2">ddc</subfield>
    <subfield code="c">LBS1</subfield>
  </datafield>
  <datafield tag="952" ind1=" " ind2=" ">
    <subfield code="0">0</subfield>
    <subfield code="1">0</subfield>
    <subfield code="2">ddc</subfield>
    <subfield code="5">6</subfield>
    <subfield code="7">0</subfield>
    <subfield code="8">DS</subfield>
    <subfield code="a">BNPHU</subfield>
    <subfield code="b">BNPHU</subfield>
    <subfield code="c">HD</subfield>
    <subfield code="d">2021-01-27</subfield>
    <subfield code="e">Deposito legal</subfield>
    <subfield code="o">BNPHU DS 351.7293 R426m </subfield>
    <subfield code="p">2021-0462</subfield>
    <subfield code="r">2021-01-27</subfield>
    <subfield code="t">e. 3</subfield>
    <subfield code="w">2021-01-27</subfield>
    <subfield code="y">LBS1</subfield>
  </datafield>
  <datafield tag="952" ind1=" " ind2=" ">
    <subfield code="0">0</subfield>
    <subfield code="1">0</subfield>
    <subfield code="2">ddc</subfield>
    <subfield code="5">1</subfield>
    <subfield code="7">0</subfield>
    <subfield code="8">PD</subfield>
    <subfield code="a">BNPHU</subfield>
    <subfield code="b">BNPHU</subfield>
    <subfield code="c">HD</subfield>
    <subfield code="d">2020-10-28</subfield>
    <subfield code="e">Deposito legal</subfield>
    <subfield code="o">BNPHU PD 351.7293 R426m </subfield>
    <subfield code="p">2021-0461</subfield>
    <subfield code="r">2021-01-27</subfield>
    <subfield code="t">e. 2</subfield>
    <subfield code="w">2021-01-27</subfield>
    <subfield code="y">LBS1</subfield>
  </datafield>
  <datafield tag="952" ind1=" " ind2=" ">
    <subfield code="0">0</subfield>
    <subfield code="1">0</subfield>
    <subfield code="2">ddc</subfield>
    <subfield code="5">1</subfield>
    <subfield code="7">0</subfield>
    <subfield code="8">PD</subfield>
    <subfield code="a">BNPHU</subfield>
    <subfield code="b">BNPHU</subfield>
    <subfield code="c">HD</subfield>
    <subfield code="d">2020-10-28</subfield>
    <subfield code="e">Deposito legal</subfield>
    <subfield code="o">BNPHU PD 351.7293 R426m </subfield>
    <subfield code="p">2021-0456</subfield>
    <subfield code="r">2021-01-27</subfield>
    <subfield code="w">2021-01-27</subfield>
    <subfield code="y">LBS1</subfield>
  </datafield>
  <datafield tag="952" ind1=" " ind2=" ">
    <subfield code="0">0</subfield>
    <subfield code="1">0</subfield>
    <subfield code="2">ddc</subfield>
    <subfield code="5">6</subfield>
    <subfield code="7">0</subfield>
    <subfield code="8">DS</subfield>
    <subfield code="a">BNPHU</subfield>
    <subfield code="b">BNPHU</subfield>
    <subfield code="c">HD</subfield>
    <subfield code="d">2022-10-17</subfield>
    <subfield code="o">BNPHU DS 351.7293 R426m</subfield>
    <subfield code="p">2022-4342</subfield>
    <subfield code="r">2022-10-17</subfield>
    <subfield code="t">e.4</subfield>
    <subfield code="w">2022-10-17</subfield>
    <subfield code="y">LBS1</subfield>
  </datafield>
  <datafield tag="999" ind1=" " ind2=" ">
    <subfield code="c">49342</subfield>
    <subfield code="d">49342</subfield>
  </datafield>
</record>
